تقنيات زراعة الأنسجة النباتية / (رقم التسجيلة. 21534)

تفاصيل مارك
000 -LEADER
fixed length control field 00541nam a22001937a 4500
005 - DATE AND TIME OF LATEST TRANSACTION
control field 20251108165201.0
008 - FIXED-LENGTH DATA ELEMENTS--GENERAL INFORMATION
fixed length control field 250721s1996 xx 000 0 ara d
082 14 - DEWEY DECIMAL CLASSIFICATION NUMBER
Classification number 581.16/ماج
100 1# - MAIN ENTRY--PERSONAL NAME
Personal name زكي، ماجد
245 10 - TITLE STATEMENT
Title تقنيات زراعة الأنسجة النباتية /
264 1# - PRODUCTION, PUBLICATION, DISTRIBUTION, MANUFACTURE, AND COPYRIGHT NOTICE
Place of production, publication, distribution, manufacture القاهرة :
Date of production, publication, distribution, manufacture, or copyright notice 1996.
300 ## - PHYSICAL DESCRIPTION
Extent 300ص
650 17 - SUBJECT ADDED ENTRY--TOPICAL TERM
Topical term or geographic name as entry element النباتات
650 17 - SUBJECT ADDED ENTRY--TOPICAL TERM
Topical term or geographic name as entry element زراعة الأنسجة
650 17 - SUBJECT ADDED ENTRY--TOPICAL TERM
Topical term or geographic name as entry element التكاثر الخضري
700 1# - ADDED ENTRY--PERSONAL NAME
Personal name الفقي، فوزي
942 ## - ADDED ENTRY ELEMENTS (KOHA)
Source of classification or shelving scheme Dewey Decimal Classification
Koha item type كتب
المقتنيات
حالة السحب حالة الفقدان مصدر التصنيف حالة التلف غير قابل للإعارة المكتبة الرئيسية المكتبة الحالية موقع الرف تاريخ التزويد الرقم المتسلسل Total Checkouts رقم الإستدعاء تاريخ آخر ظهور تاريخ الفاتورة نوع المادة (كوها) الباركود
    Dewey Decimal Classification Unchecked   مكتبة الاميرة بديعة مكتبة الاميرة بديعة الإعارة 06/07/2004 5221   581.16/ماج 28/07/2025 06/07/2004 كتب  
    Dewey Decimal Classification     مكتبة حمزة العامة مكتبة حمزة العامة الإعارة 19/05/2015 [5295].   581.16/ماج 28/07/2025 19/05/2015 كتب PLD00325104
    Dewey Decimal Classification     مكتبة صويلح العامة مكتبة صويلح العامة الإعارة 09/06/2019 [11212]   581.16/ماج 28/07/2025 09/06/2019 كتب PLD00453765
    Dewey Decimal Classification Unchecked   مكتبة وادي السير العامة مكتبة وادي السير العامة الإعارة 06/07/2004 6022   581.16/ماج 28/07/2025 06/07/2004 كتب  
Implemented & Customized by: BBB with SCIT (Smart Chains for Information Technology)

Powered by Koha